Tennyson poetry and prose (664-B actioned) (Record no. 244121)
[ view plain ]
| 000 -LEADER | |
|---|---|
| fixed length control field | 00207 a2200097 4500 |
| 001 - CONTROL NUMBER | |
| control field | 9048 |
| 090 ## - LOCALLY ASSIGNED LC-TYPE CALL NUMBER (OCLC); LOCAL CALL NUMBER (RLIN) | |
| -- | 7230 |
| -- | 7230 |
| 100 ## - MAIN ENTRY--PERSONAL NAME | |
| Personal name | Tennyson, A L |
| 245 ## - TITLE STATEMENT | |
| Title | Tennyson poetry and prose (664-B actioned) |
| 260 ## - PUBLICATION, DISTRIBUTION, ETC. | |
| Name of publisher, distributor, etc. | Oxford |
| 942 ## - ADDED ENTRY ELEMENTS (KOHA) | |
| Institution code [OBSOLETE] | NUST-CAE |
| Withdrawn status | Lost status | Damaged status | Not for loan | Collection code | Permanent Location | Current Location | Date acquired | Total Checkouts | Barcode | Date last seen | Price effective from | Koha item type |
|---|---|---|---|---|---|---|---|---|---|---|---|---|
| College of Aeronautical Engineering (CAE) | College of Aeronautical Engineering (CAE) | 04/03/2017 | CAE8420 | 04/05/2017 | 04/05/2017 | Book |
